Statistiques concernant Attaques signatures des Pokémon #1

Cliquez ici pour prendre le quiz!

Statistiques générales

  • Ce quiz a été pris 63 fois
  • Le résultat moyen est 6 sur 10

Statistiques - réponses

QuestionRéponse% Correct
LugiaAéroblast
94%
ArtikodinPas d'attaque signature
77%
ÉlecthorPas d'attaque signature
77%
SulfuraPas d'attaque signature
77%
MewtwoFrappe Psy
63%
JirachiVoeu Destructeur
52%
LatiasBall'Brume
44%
LatiosLumi-Éclat
44%
MétamorphPas d'attaque signature
23%
Ho-ohPas d'attaque signature
19%

Distribution des résultats

Percentile par nombre de réponses

% des personnes avec chaque résultat

Votre développement - résultats

Vous n’avez pas pris ce quiz